Bretaň a Normandie /

Hlavní autor: Ward, Greg
Další autoři: Sládek, Jan
Jazyk: Čeština
Vydáno: Brno : Jota, s.r.o., 2016
Vydání: Třetí vydání
Edice: Průvodce (Jota)
Témata:
Fyzický popis: 402 stran : barevné ilustrace, mapy, plány ; 20 cm
Knihy
Uloženo v:
LEADER 02053cam a2200529 i 4500
001 nkc20162805836
003 CZ PrNK
005 20160907082906.0
007 ta
008 160620s2016 xr abe e f 001 0 cze d
015 |a cnb002805836 
020 |a 978-80-7462-967-9  |q (brožováno) 
035 |a (OCoLC)958228498 
040 |a ULG001  |b cze  |d OLA001  |e rda 
041 1 |a cze  |h eng 
043 |a e-fr--- 
072 7 |a 913(4)  |x Geografie Evropy, reálie, cestování  |2 Konspekt  |9 7 
080 |a 913(44)  |2 MRF 
080 |a (036)913  |2 MRF 
100 1 |a Ward, Greg  |7 mzk2002156984  |4 aut 
240 1 0 |a Rough guide to Brittany & Normandy.  |l Česky 
245 1 0 |a Bretaň a Normandie /  |c dvanácté vydání připravil a napsal Greg Ward ; z anglického originálu The rough guide to Brittany & Normandy ... přeložil Jan Sládek 
246 1 4 |a Turistický průvodce - Bretaň a Normandie 
250 |a Třetí vydání 
264 1 |a Brno :  |b Jota, s.r.o.,  |c 2016 
300 |a 402 stran :  |b barevné ilustrace, mapy, plány ;  |c 20 cm 
336 |a text  |b txt  |2 rdacontent 
337 |a bez média  |b n  |2 rdamedia 
338 |a svazek  |b nc  |2 rdacarrier 
490 1 |a Průvodce ;  |v svazek 175 
500 |a Česko-francouzský slovník 
500 |a Pod názvem uvedené dvanácté vydání se vztahuje k originálnímu vydání 
500 |a Obsahuje rejstřík 
651 7 |a Bretaň (Francie)  |7 ge128819  |2 czenas 
651 7 |a Normandie (Francie)  |7 ge130188  |2 czenas 
651 9 |a Brittany (France)  |2 eczenas 
651 9 |a Normandy (France)  |2 eczenas 
655 7 |a turistické průvodce  |7 fd133738  |2 czenas 
655 9 |a tourist guidebooks  |2 eczenas 
700 1 |a Sládek, Jan  |7 xx0042123  |4 trl 
830 0 |a Průvodce (Jota)  |0 s 
910 2 |a BOA001  |b 1-1372.377 
920 |a KN3148000000859138  |z ULG001 
990 |a BK 
995 |a 01 
996 6 |b 2610678996  |c 1-1372.377  |l MZK  |r Sklad / do 1 hodiny  |n 1  |p p.v.  |w 001573602  |u 000010  |a 1  |e BOA001  |j MZK50  |s P 
996 7 |b 2610678997  |c 1-1372.377  |l MZK  |r Sklad / do 1 hodiny  |n 8  |p p.v.  |w 001573602  |u 000020  |a 1  |e BOA001  |j MZK50  |s A